|
|
|
|
| LEADER |
00000cam a2200000 7i4500 |
| 001 |
0000006511 |
| 005 |
20151222.0 |
| 008 |
070816 |
| 020 |
|
|
|a 9833065554 (set)
|
| 020 |
|
|
|a 9833065600
|
| 090 |
0 |
0 |
|a CUS
|b MAL
|
| 100 |
0 |
|
|a Sabariah Abdullah
|
| 245 |
1 |
0 |
|a Kepercayaan dan pantang larang
|c Sabariah Abdullah
|
| 260 |
|
|
|a Selangor :
|b Pustaka Cahaya Intelek ,
|c 2005
|
| 440 |
|
0 |
|a Siri kebudayaan Melayu
|
| 500 |
|
|
|a Children ages 10-12 years old (pink)
|
| 650 |
|
0 |
|a Malays
|x Social life and customs
|
| 710 |
0 |
|
|a Siri
|
| 710 |
0 |
|
|a Title
|
| 999 |
|
|
|a 0000911590
|b Book
|c Teenagers
|e Cawangan Bandar Tenggara
|
| 999 |
|
|
|a 0000985042
|b Book
|c Children Collection
|e Cawangan Taman Sri Lambak
|
| 999 |
|
|
|a 0000985043
|b Book
|c Children Collection
|e Perbadanan Perpustakaan Awam Johor
|
| 999 |
|
|
|a 0000985044
|b Book
|c Children Collection
|e Perbadanan Perpustakaan Awam Johor
|
| 999 |
|
|
|a 0000985045
|b Book
|c Children Collection
|e Perbadanan Perpustakaan Awam Johor
|
| 999 |
|
|
|a 0000985046
|b Book
|c Children Collection
|e Cawangan Segamat
|